Statistics for business and economics
Na minha lista:
| Autor principal: | |
|---|---|
| Formato: | Livro |
| Idioma: | inglês |
| Publicado em: |
London
Thomson Learning
2010
|
| Edição: | 2. ed. |
| Assuntos: | |
| Tags: |
Sem tags, seja o primeiro a adicionar uma tag!
|
MARC
| LEADER | 00000nam$a2200000$$$4500 | ||
|---|---|---|---|
| 001 | 0143526 | ||
| 005 | 20240226124656.1 | ||
| 041 | 0 | |a eng | |
| 044 | |a GB | ||
| 245 | 1 | 0 | |a Statistics for business and economics |c David R. Anderson ... [et al.] |
| 250 | |a 2. ed. | ||
| 264 | 1 | |a London |b Thomson Learning |c 2010 | |
| 300 | |a 904 s. |e 1 CD-ROM | ||
| 610 | 2 | 0 | |a štatistika ekonomická |
| 610 | 2 | 0 | |a podnikanie |
| 610 | 2 | 0 | |a obchod |
| 610 | 2 | 0 | |a pravdepodobnosť |
| 610 | 2 | 0 | |a distribúcia |
| 610 | 2 | 0 | |a odhad štatistický |
| 610 | 2 | 0 | |a hypotézy |
| 610 | 2 | 0 | |a testy |
| 610 | 2 | 0 | |a analýzy |
| 610 | 2 | 0 | |a regresia |
| 610 | 2 | 0 | |a prognózovanie |
| 610 | 2 | 0 | |a metódy štatistické |
| 610 | 2 | 0 | |a kontrola kvality |
| 100 | 1 | |a Anderson, David R. | |